[Event "CHN-ch blitz (Women)"]
[Site "Tianjin"]
[Date "2018.06.07"]
[Round "2"]
[White "Xiao, Yiyi"]
[Black "Wang, Jue"]
[Result "1-0"]
[WhiteElo "2331"]
[BlackElo "2380"]
[PlyCount "55"]
[EventDate "2018.06.07"]
[EventType "swiss (blitz)"]
[EventRounds "9"]
[EventCountry "CHN"]
[SourceTitle "CBM 184 Extra"]
[Source "ChessBase"]
[SourceDate "2018.06.28"]
[SourceVersion "1"]
[SourceVersionDate "2018.06.28"]
[SourceQuality "1"]

1. d4 Nf6 2. c4 e6 3. g3 Bb4+ 4. Nd2 d5 5. Bg2 0-0 6. Ngf3 dxc4 7. Qc2 a5 8. 0-0 Bxd2 9. Bxd2 b5 10. b3 cxb3 11. axb3 Bb7 12. Bxa5 Nc6 13. Bc3 Ne7 14. Bb4 Rxa1 15. Rxa1 Bxf3 16. Bxf3 Qxd4 17. Bc3 Qc5 18. Qb2 Ned5 19. Bxd5 Qxd5 20. Bxf6 gxf6 21. Qxf6 Qxb3 22. Rc1 Qd5 23. Rxc7 b4 24. e4 Qxe4 25. Rc5 Qb1+ 26. Kg2 Qe4+ 27. f3 h6 28. fxe4 1-0

[Event "CHN-ch rapid (Women)"]
[Site "Tianjin"]
[Date "2018.06.06"]
[Round "1"]
[White "Wang, Jue"]
[Black "Zhang, Lanlin"]
[Result "0-1"]
[WhiteElo "2380"]
[BlackElo "2177"]
[PlyCount "92"]
[EventDate "2018.06.06"]
[EventType "swiss (rapid)"]
[EventRounds "9"]
[EventCountry "CHN"]
[SourceTitle "CBM 184 Extra"]
[Source "ChessBase"]
[SourceDate "2018.06.28"]
[SourceVersion "1"]
[SourceVersionDate "2018.06.28"]
[SourceQuality "1"]

1. e4 e5 2. Nf3 Nc6 3. Bb5 a6 4. Ba4 Nf6 5. 0-0 b5 6. Bb3 Be7 7. Re1 0-0 8. a4 Bb7 9. d3 d6 10. Nbd2 Nd4 11. Nxd4 exd4 12. Nf1 c5 13. Ng3 d5 14. e5 Ne8 15. Nf5 c4 16. Ba2 Bc5 17. Qf3 Bc8 18. Bd2 Be6 19. Qf4 Qb6 20. b4 Bxf5 21. Qxf5 Be7 22. Qg4 c3 23. Bc1 Nc7 24. a5 Qc6 25. Qxd4 Rad8 26. Rb1 f6 27. f4 Ne6 28. Qe3 f5 29. d4 Kh8 30. Rd1 g5 31. Qf3 gxf4 32. Bxf4 Bg5 33. Bg3 Bd2 34. Bh4 Rd7 35. Qf2 f4 36. Rxd2 cxd2 37. Qxd2 Rc8 38. Bf6+ Kg8 39. Qd3 Qxc2 40. Qh3 Kf7 41. Qh5+ Qg6 42. Qf3 Rc2 43. Ra1 Nxd4 44. Bxd5+ Kf8 45. Be4 Nxf3+ 46. Bxf3 Rdd2 0-1

[Event "Asia-ch Universities (Women)"]
[Site "Tagaytay City"]
[Date "2018.06.01"]
[Round "9"]
[White "Wang, Jue"]
[Black "Galas, Bernadette"]
[Result "1/2-1/2"]
[WhiteElo "2366"]
[BlackElo "2100"]
[PlyCount "86"]
[EventDate "2018.05.27"]
[EventType "swiss"]
[EventRounds "9"]
[EventCountry "PHI"]
[SourceTitle "CBM 184 Extra"]
[Source "ChessBase"]
[SourceDate "2018.06.28"]
[SourceVersion "1"]
[SourceVersionDate "2018.06.28"]
[SourceQuality "1"]

1. e4 c5 2. Nf3 Nc6 3. Bb5 g6 4. Bxc6 dxc6 5. d3 Bg7 6. h3 b6 7. Nc3 e5 8. Be3 Qd6 9. Qd2 h6 10. Ng1 Ne7 11. Nge2 f5 12. f4 g5 13. g3 gxf4 14. gxf4 Bd7 15. 0-0-0 0-0-0 16. Kb1 Be6 17. Rhg1 Bf6 18. fxe5 Bxe5 19. Bf4 Rdg8 20. Bxe5 Qxe5 21. Nf4 Rxg1 22. Rxg1 fxe4 23. Re1 Bd5 24. Nxe4 Bxe4 25. Rxe4 Qg5 26. Qe1 Nd5 27. Nxd5 Qxd5 28. Re7 Rf8 29. b3 Rf7 30. Qe6+ Qxe6 31. Rxe6 h5 32. Rxc6+ Kb7 33. Rh6 Rf5 34. a4 Re5 35. Kc1 a5 36. Kd2 Kc7 37. h4 Rd5 38. Ke3 Re5+ 39. Kf3 Rf5+ 40. Ke4 Rf2 41. Rxh5 Rxc2 42. Rh7+ Kc6 43. Rh6+ Kb7 1/2-1/2

[Event "Asia-ch Universities (Women)"]
[Site "Tagaytay City"]
[Date "2018.05.31"]
[Round "8"]
[White "Liu, Manli"]
[Black "Wang, Jue"]
[Result "0-1"]
[WhiteElo "2183"]
[BlackElo "2366"]
[PlyCount "58"]
[EventDate "2018.05.27"]
[EventType "swiss"]
[EventRounds "9"]
[EventCountry "PHI"]
[SourceTitle "CBM 184 Extra"]
[Source "ChessBase"]
[SourceDate "2018.06.28"]
[SourceVersion "1"]
[SourceVersionDate "2018.06.28"]
[SourceQuality "1"]

1. e4 c5 2. Nf3 Nc6 3. d4 cxd4 4. Nxd4 Nf6 5. Nc3 e5 6. Ndb5 d6 7. Bg5 a6 8. Na3 b5 9. Nd5 Be7 10. Bxf6 Bxf6 11. c3 Bg5 12. Nc2 Rb8 13. a4 bxa4 14. Ncb4 Nxb4 15. Nxb4 Bd7 16. Bxa6 Qa5 17. Bd3 Rxb4 18. cxb4 Qxb4+ 19. Kf1 0-0 20. h4 Bd2 21. g3 f5 22. Rh2 d5 23. exd5 e4 24. f3 Be3 25. Qe2 f4 26. Bxe4 fxg3 27. Rg2 Qxe4 28. Rxg3 Qxh4 29. Qg2 Bb5+ 0-1

[Event "Asia-ch Universities (Women)"]
[Site "Tagaytay City"]
[Date "2018.05.29"]
[Round "4"]
[White "Qiu, Mengjie"]
[Black "Wang, Jue"]
[Result "1/2-1/2"]
[WhiteElo "2242"]
[BlackElo "2366"]
[PlyCount "111"]
[EventDate "2018.05.27"]
[EventType "swiss"]
[EventRounds "9"]
[EventCountry "PHI"]
[SourceTitle "CBM 184 Extra"]
[Source "ChessBase"]
[SourceDate "2018.06.28"]
[SourceVersion "1"]
[SourceVersionDate "2018.06.28"]
[SourceQuality "1"]

1. e4 c6 2. d4 d5 3. Nc3 dxe4 4. Nxe4 Nf6 5. Ng3 Bg4 6. Be2 Bxe2 7. N1xe2 e6 8. Nf4 c5 9. Be3 Qa5+ 10. Bd2 Qb5 11. Bc3 cxd4 12. Qxd4 Nc6 13. Qd3 Qxd3 14. Nxd3 Nd5 15. Bd2 0-0-0 16. 0-0-0 g6 17. c4 Ndb4 18. Nxb4 Bxb4 19. Bg5 Rxd1+ 20. Rxd1 f5 21. Ne2 Bc5 22. f3 e5 23. Rd5 b6 24. a3 Re8 25. b4 Bf8 26. Nc3 a5 27. Rb5 axb4 28. axb4 Bxb4 29. Nd5 Bc5 30. Nxb6+ Bxb6 31. Rxb6 Kc7 32. Rb5 Ra8 33. Kb2 Ra4 34. Kc3 Ra3+ 35. Kb2 Ra4 36. Kc3 Ra1 37. Rd5 Rg1 38. Rd2 Rh1 39. h3 f4 40. Bf6 Rc1+ 41. Rc2 Re1 42. c5 Rd1 43. Re2 Rc1+ 44. Rc2 Rxc2+ 45. Kxc2 Kd7 46. Kd3 Ke6 47. Bg7 Kd5 48. Bf6 Ke6 49. Bg7 Kd5 50. Bf6 h6 51. Bg7 h5 52. Bf6 Nd4 53. Bg7 Nf5 54. Bf6 Nd4 55. Bg7 Nf5 56. c6 1/2-1/2

[Event "Asia-ch Universities (Women)"]
[Site "Tagaytay City"]
[Date "2018.05.28"]
[Round "2"]
[White "Hu, Yu A"]
[Black "Wang, Jue"]
[Result "0-1"]
[WhiteElo "2006"]
[BlackElo "2366"]
[PlyCount "56"]
[EventDate "2018.05.27"]
[EventType "swiss"]
[EventRounds "9"]
[EventCountry "PHI"]
[SourceTitle "CBM 184 Extra"]
[Source "ChessBase"]
[SourceDate "2018.06.28"]
[SourceVersion "1"]
[SourceVersionDate "2018.06.28"]
[SourceQuality "1"]

1. e4 c5 2. Nf3 d6 3. d4 cxd4 4. Nxd4 Nf6 5. Nc3 a6 6. Be3 e5 7. Nb3 Be6 8. f3 h5 9. Qd2 Nbd7 10. 0-0-0 Be7 11. Kb1 Rc8 12. h4 b5 13. Bg5 0-0 14. a3 Qc7 15. Be2 Nc5 16. Bxf6 Nxb3 17. cxb3 Bxf6 18. Qxd6 Qa7 19. Nd5 Bxd5 20. exd5 a5 21. Bxb5 e4 22. Qf4 Qc5 23. Bc4 a4 24. Qxe4 axb3 25. Bd3 g6 26. Rc1 Qf2 27. Qe2 Qd4 28. Be4 Rc2 0-1

[Event "CHN-chT"]
[Site "China"]
[Date "2018.05.23"]
[Round "6.6"]
[White "Bodnaruk, Anastasia"]
[Black "Wang, Jue"]
[Result "0-1"]
[WhiteElo "2446"]
[BlackElo "2365"]
[PlyCount "188"]
[EventDate "2018.04.11"]
[EventType "team-tourn"]
[EventRounds "22"]
[EventCountry "CHN"]
[SourceTitle "EXT 2019"]
[Source "ChessBase"]
[SourceDate "2018.10.10"]
[SourceVersion "1"]
[SourceVersionDate "2018.10.10"]
[SourceQuality "1"]
[WhiteTeam "Hebei Sports Lottery"]
[BlackTeam "Beijing Beiao"]
[WhiteTeamCountry "CHN"]
[BlackTeamCountry "CHN"]

1. e4 e5 2. Nf3 Nf6 3. Nxe5 d6 4. Nf3 Nxe4 5. Nc3 Nf6 6. d4 Be7 7. Bd3 0-0 8. h3 b6 9. 0-0 Bb7 10. Ne2 Bxf3 11. gxf3 d5 12. Ng3 c5 13. Re1 c4 14. Bf1 g6 15. Bh6 Re8 16. Qd2 Bf8 17. h4 Nc6 18. c3 Rxe1 19. Rxe1 Bxh6 20. Qxh6 Qd6 21. f4 Re8 22. Rxe8+ Nxe8 23. f5 Qf6 24. fxg6 hxg6 25. Qg5 Qxg5 26. hxg5 Nd8 27. Bg2 Nc7 28. f4 Nde6 29. Ne2 f6 30. gxf6 Kf7 31. Kf2 Kxf6 32. Ke3 Ng7 33. Kd2 Nf5 34. Bh3 Ne8 35. Kc2 Ned6 36. b3 b5 37. Kb2 a5 38. a4 bxa4 39. bxa4 Ne3 40. Bd7 Ne4 41. Bc8 Nd1+ 42. Kc2 Ne3+ 43. Kb2 Nf2 44. Kc1 Nd3+ 45. Kd2 Ng2 46. Ng1 Ngxf4 47. Nf3 g5 48. Nh2 Nb2 49. Bd7 Ke7 50. Bb5 Ke6 51. Ng4 Ng6 52. Nf2 Nf4 53. Ng4 Nbd3 54. Be8 Ke7 55. Bc6 Kd6 56. Be8 Ne6 57. Kc2 Ndf4 58. Ne5 Nc7 59. Bf7 Na8 60. Be8 Nc7 61. Bf7 Na8 62. Be8 Nb6 63. Kd2 Ne6 64. Bb5 Nc7 65. Nf7+ Ke7 66. Nxg5 Nxb5 67. axb5 a4 68. Nf3 a3 69. Ne1 a2 70. Nc2 Na4 71. Na1 Kd6 72. Kc2 Kc7 73. Kd2 Kb6 74. Kc2 Kxb5 75. Kd2 Kc6 76. Nc2 Kd6 77. Na1 Ke6 78. Nc2 Kf5 79. Na1 Ke4 80. Nc2 Kf3 81. Na1 Kf4 82. Nc2 Kf3 83. Na1 Nb2 84. Nc2 Nd3 85. Kd1 Nf2+ 86. Kc1 Ke2 87. Kb2 Kd2 88. Na3 Nd3+ 89. Kxa2 Kxc3 90. Nb5+ Kd2 91. Na3 Nb4+ 92. Kb2 c3+ 93. Kb3 c2 94. Nxc2 Nxc2 0-1

[Event "CHN-chT"]
[Site "China"]
[Date "2018.05.22"]
[Round "5.1"]
[White "Liu, Manli"]
[Black "Wang, Jue"]
[Result "0-1"]
[WhiteElo "2183"]
[BlackElo "2365"]
[PlyCount "112"]
[EventDate "2018.04.11"]
[EventType "team-tourn"]
[EventRounds "22"]
[EventCountry "CHN"]
[SourceTitle "EXT 2019"]
[Source "ChessBase"]
[SourceDate "2018.10.10"]
[SourceVersion "1"]
[SourceVersionDate "2018.10.10"]
[SourceQuality "1"]
[WhiteTeam "Guangdong Ding Xin"]
[BlackTeam "Beijing Beiao"]
[WhiteTeamCountry "CHN"]
[BlackTeamCountry "CHN"]

1. e4 c5 2. Nf3 d6 3. d4 cxd4 4. Nxd4 Nf6 5. Nc3 a6 6. Be2 e5 7. Nb3 Be7 8. Bg5 Be6 9. Bxf6 Bxf6 10. Qd3 0-0 11. Rd1 Be7 12. Nd5 Bxd5 13. Qxd5 Qc7 14. c3 Nd7 15. 0-0 b5 16. Nd2 Nb6 17. Qb3 Na4 18. Rfe1 Rab8 19. a3 Nc5 20. Qd5 Rfd8 21. Nf1 Bg5 22. g3 a5 23. h4 Bh6 24. Nh2 b4 25. axb4 axb4 26. Ng4 bxc3 27. bxc3 Na4 28. Nxh6+ gxh6 29. Rc1 Nxc3 30. Qd2 Nxe4 31. Qe3 Nc5 32. Qxh6 Qe7 33. Bg4 Qf8 34. Qh5 f6 35. Bf5 Rb7 36. Red1 d5 37. Qf3 e4 38. Qe3 Nd3 39. Rc2 Re7 40. Qb6 Rb8 41. Qd6 Re5 42. Qd7 Qe7 43. Qxe7 Rxe7 44. f3 Rb3 45. fxe4 dxe4 46. Kg2 Kg7 47. Re2 Nc5 48. Rd5 Rc3 49. h5 Kh6 50. g4 Nd3 51. g5+ fxg5 52. Rd6+ Kxh5 53. Rxe4 Nf4+ 54. Kf2 Rf7 55. Bd7 Nd3+ 56. Ke2 Rf2+ 0-1

[Event "CHN-ch (Women)"]
[Site "Xinghua"]
[Date "2018.04.21"]
[Round "4"]
[White "Wang, Jue"]
[Black "Zhu, Jiner"]
[Result "1-0"]
[WhiteElo "2365"]
[BlackElo "2313"]
[PlyCount "71"]
[EventDate "2018.04.18"]
[EventType "tourn"]
[EventRounds "11"]
[EventCountry "CHN"]
[EventCategory "3"]
[SourceTitle "CBM 184 Extra"]
[Source "ChessBase"]
[SourceDate "2018.06.28"]
[SourceVersion "1"]
[SourceVersionDate "2018.06.28"]
[SourceQuality "1"]

1. e4 c5 2. Nf3 d6 3. d4 cxd4 4. Nxd4 Nf6 5. Nc3 a6 6. Be3 e6 7. f3 b5 8. Qd2 Bb7 9. g4 Nfd7 10. 0-0-0 Nb6 11. Bg5 Qc8 12. a3 h6 13. Be3 N8d7 14. Nb3 Rb8 15. Qf2 Ba8 16. Rg1 Qc7 17. h4 Ne5 18. g5 hxg5 19. hxg5 Nec4 20. g6 Nxe3 21. Qxe3 Nc4 22. gxf7+ Qxf7 23. Bxc4 bxc4 24. Nd2 e5 25. Rg4 Rh2 26. f4 Qb7 27. Nxc4 Qc8 28. Qg3 Rxc2+ 29. Kxc2 Qxc4 30. fxe5 Qb3+ 31. Kd3 Rc8 32. Rd2 d5 33. Rf4 dxe4+ 34. Ke2 Qb6 35. Qg4 Rb8 36. Qd7# 1-0